000 00563nam a2200181 i 4500
001 72387
003 ES-MaACL
005 20230906171426.0
007 t|
008 040831q1910 sp ||||1| spa d
100 1 _aGirard, Jules.
_957219
245 1 3 _aLa elocuencia ática /
_cJ. Girard ; versión española de Edmundo González Blanco.
260 _aMadrid :
_b[s.n.,
_c1910?] (
_fGabriel López del Horno)
300 _a237 p. ;
_c23 cm.
650 4 _aOratoria-
_zGrecia.
_9143716
700 1 _aGonzález-Blanco, Edmundo.
_958462
852 _aES-MaACL
_jF-14972
999 _c72387
_d72387